| 000 | 00581nam a2200193Ia 4500 | ||
|---|---|---|---|
| 003 | GCL | ||
| 008 | 140319s9999 xx 000 0 ara d | ||
| 040 |
_aGCL / _cGCL |
||
| 082 | 0 | 4 |
_a811.094 _bم ه |
| 100 | 1 | _aمنى حلمى | |
| 245 | 1 | 0 |
_aهاتف الصباح : _bخواطر / _cمنى حلمى |
| 260 |
_aالقاهرة : _bمنى حلمى ، _c1991 |
||
| 300 |
_a184 ص: _bايض ؛ _c19 سم |
||
| 490 | _a | ||
| 650 | 0 | 4 | _aالشعر العربى |
| 650 | 0 | 4 | _aالادب العربى |
| 650 | 0 | 4 | _aالشعر العربى - العصر الحديث |
| 942 |
_2ddc _cBK |
||
| 999 |
_c55909 _d55909 |
||